000 00702nam a2200265Ia 4500
003 OSt
005 20221005125420.0
006 a|||||r|||| 00| 0
007 ta
008 221004b |||||||| |||| 00| 0 hin d
024 _a44190
037 _cTextual
040 _aCRL
_cCRL
_bhin
041 _2hin
_ahin
082 _aO1518,1D80,1, 152K2.1
100 _aVimalasuri
_9636642
245 0 _aPaumacariyam
250 _a2nd rev by Punyavijayaji
260 _c1962
490 _aPrakrit Text Society series; 6
650 _a SANSKRIT LITERATURE
650 _aSANSKRIT LITERATURE
942 _hO1518,1D80,1, 152K2.1
_cTEXL
_2cc
999 _c1053948
_d1053948